Historia Universal Siglo XXI
Guardat en:
| Format: | Llibre |
|---|---|
| Idioma: | espanyol |
| Publicat: |
Madrid
Siglo Veintiuno de España Editores S. A
2002
|
| Edició: | 13a. ed |
| Matèries: | |
| Etiquetes: |
Afegir etiqueta
Sense etiquetes, Sigues el primer a etiquetar aquest registre!
|
MARC
| LEADER | 00000cam a2200000 a 4500 | ||
|---|---|---|---|
| 001 | UCF8933 | ||
| 003 | CL-VaPUC | ||
| 005 | 20201027001058.0 | ||
| 008 | 131011e20021100sp |||||||||||||||||spa|d | ||
| 999 | |c 353433 |d 353431 | ||
| 020 | |a 8432300179 | ||
| 040 | |c Pontificia Universidad Católica de Valparaíso | ||
| 082 | 0 | 4 | |a 909 |b HIS |2 21 |
| 245 | 1 | 0 | |a Historia Universal Siglo XXI |
| 250 | |a 13a. ed | ||
| 260 | |a Madrid |b Siglo Veintiuno de España Editores S. A |c 2002 | ||
| 300 | |a v | ||
| 500 | |a v.22 t.2: América Latina. La época colonial | ||
| 583 | |a last modification |c 20140305 06:31:22 |k Rodrigo Vera | ||
| 650 | 0 | |a Historia de América |9 266076 | |
| 650 | 7 | |a COLONIALISMO ESPAÑOL |2 CL-VaPUC |9 571056 | |
| 852 | |a BIBCUR | ||
| 942 | |c BK |2 ddc | ||
| 945 | |d 20131011 10:45:00 |a dcastane | ||
| 952 | |0 0 |1 0 |3 erb |4 0 |6 909_000000000000000_HIS_2002 |7 0 |8 A |9 458647 |a BIBHIS |b BIBHIS |d 2019-11-23 |h v.22 T.2 |i 5018013 |o 909 HIS 2002 |p 5018013 |r 2025-01-20 |w 2019-11-23 |y BK |z Catalogado en:20131011 |k HIS | ||
| 952 | |0 0 |1 0 |3 erb |4 0 |6 909_000000000000000_HIS_2002 |7 0 |8 A |9 458648 |a BIBHIS |b BIBHIS |h V.22 T.2 |i 5337674 |o 909 HIS 2002 |p 5337674 |r 2025-01-20 |w 2019-11-23 |y BK |z Catalogado en:20160811 |k HIS | ||
| 952 | |0 0 |1 0 |3 erb |4 0 |6 909_000000000000000_HIS_2002 |7 0 |8 A |9 458649 |a BIBHIS |b BIBHIS |h V.22 T.2 |i 5337682 |o 909 HIS 2002 |p 5337682 |r 2025-01-20 |w 2019-11-23 |y BK |z Catalogado en:20160811 |k HIS | ||
| 952 | |0 0 |1 0 |3 erb |4 0 |6 909_000000000000000_HIS_2002 |7 0 |8 A |9 458650 |a BIBHIS |b BIBHIS |h v.5 t.1 |i 5362482 |o 909 HIS 2002 |p 5362482 |r 2025-01-20 |w 2019-11-23 |y BK |z Catalogado en:20170303 |k HIS | ||